| 000 | 01234nam2a22002411 4500 | ||
|---|---|---|---|
| 001 | rc\336111 | ||
| 005 | 20250612171914.0 | ||
| 035 | _a(NLR Aleph) 008748761 | ||
| 090 |
_a9560954 _c9560954 |
||
| 100 | _a20030307d1989 |||y0rusy50 ca | ||
| 101 | 0 | _arus | |
| 102 | _aRU | ||
| 105 | _ay ||||||||| | ||
| 200 | 0 | _aТ. 2 | |
| 210 |
_aНовокузнецк _aНовосибирск _d1989 |
||
| 215 | _a84, [1] с. | ||
| 300 | _aСписок авт.: с. 84-85 | ||
| 461 | 0 |
_1001rc\336109 _12001#$aИтоги и перспективы деятельности по созданию и реализации комплексных программ "Здоровье"$e(Тез. докл. к науч.-практ. конф.)$f[Редкол.: Ю.П. Дощицин и др.]$vТ. 2 _97952838 _cНовокузнецк _d1989- _f[Редкол.: Ю.П. Дощицин и др.] _nСО АМН СССР _o(Тез. докл. к науч.-практ. конф.) _tИтоги и перспективы деятельности по созданию и реализации комплексных программ "Здоровье" _vТ. 2 |
|
| 801 | 0 |
_aRU _bNLR _gpsbo |
|
| 801 | 1 |
_aRU _bELAR _2rusmarc |
|
| 852 |
_aNLR _j83-3/13214 |
||
| 942 | _cBOOK | ||
| 980 | _aNB | ||